| 000 | 00722nam a2200205 a 4500 | ||
|---|---|---|---|
| 001 | 000035197 | ||
| 005 | 20200930074154.0 | ||
| 008 | 111025s1962 ag abc 000 0 spa d | ||
| 040 |
_aDO-SdBNP _bspa _cBNPHU |
||
| 082 |
_a973 _bR535b |
||
| 100 | 1 |
_aRichter, Werner _960929 |
|
| 240 | 1 | 0 |
_aKleine geschichte del vereinigten staaten _lEspañol |
| 245 | 1 | 0 |
_aBreve historia de los Estados Unidos / _cWerner Richter. |
| 260 |
_aBuenos Aires : _bAteneo Editorial, _c1962. |
||
| 300 |
_a191 p. : _bil., map., retr. |
||
| 500 | _aTraducido del alemán | ||
| 590 | _aPerteneció a la biblioteca personal de Juan Isidro Jimenes Grullón | ||
| 651 | 4 |
_aEstados Unidos _xHistoria _942306 |
|
| 910 | _aValidado. Control de calidad MFF | ||
| 999 |
_c34688 _d34688 |
||